What produces economic success? /
Wedi'i Gadw mewn:
| Prif Awdur: | |
|---|---|
| Fformat: | Texto |
| Tagiau: |
Ychwanegu Tag
Dim Tagiau, Byddwch y cyntaf i dagio'r cofnod hwn!
|
MARC
| LEADER | 00000 a a2200000 04500 | ||
|---|---|---|---|
| 001 | 39963 | ||
| 003 | |||
| 040 | |||
| 100 | |a Rodrik, Dani | ||
| 245 | |a What produces economic success? / |c Dani Rodrik | ||
| 773 | |g 27-43 páginas | ||
| 999 | |c 24561 |d 24561 | ||
